1628 1297 1413 1605 1392 1652 1967 1971 1575 1083 1643 1160 1532 1022 1119 1681 1217 1497 1473 1680 1337 1781 1069 1514 1032 1263 1077 1196 1446 1818 1556 1312 1475 1404 1911 1814 1416 1552 1345 1129 1663 1052 1817 1350 1468 1829 1666 1797 1950 1089 1284 1108 1497 1185 1726 1220 1707 1129 1521 1787 1647 1012 1756 1453 1009 1566 1445 1995 1335 1786 1494 1450 1278 1726 1058 1789 1126 1017 1611 1588 1013 1916 1829 1402 1089 1224 1192 1786 1253 1270 1022 1016 1861 1031 1505 1093 1773 1979 1920 BCNSPRNW ULIB Ver.6.0+V

เปลี่ยนเป็นภาษาไทย

Change to English
 แสดงรายละเอียดบรรณานุกรม
  กลับหน้าหลัก

Brief Record : Get Marc (ISO 2709) : E-mail record : QR code < ปิดหน้าต่าง
LEADER : 00000nam 2200000uu 4500
001    13399122461
003     ULIB
008    020711s2552 th a 000 0 tha d
099    วจ.WA695^bก125ผ
100    กนกวรรณ ศิลปกรรมพิเศษ
245    ผลการเพิ่มสมรรถนะแห่งตนต่อพฤติกรรมการบริโภค พฤติกรรมการออกกำลังกายและค่าดัชนีมวลกายของผู้สูงอายุ/^cกนกวรรณ ศิลปกรรมพิเศษ และคณะ
260    ตรัง :^bวิทยาลัยพยาบาลบรมราชชนนีตรัง,^c2552
300    183 หน้า
650    ดัชนีมวลกายของผู้สูงอายุู^xวิจัย
700    วรรัตน์ สุขคุ้ม
700    วราณี สัมฤทธิ์
945    ^p0^l0^i029257
รายการนี้ยังไม่มีแท็ก
คุณยังไม่ได้ล็อกอิน คุณสามารถมีกิจกรรมร่วมกับเว็บไซต์ได้ แต่ต้องล็อกอินก่อน ::
  ล็อกอิน

รายการสื่อสารสนเทศ

ลำดับที่ ประเภท เลขเรียก/บาร์โค้ด สถานที่ สถานะ
1. งานวิจัย
งานวิจัย
วจ.WA695 ก125ผ ฉ.1 
  Barcode: 029257
ห้องสมุดวิทยาเขตสวรรค์ประชารักษ์
►วิจัย
บนชั้น

BibComment


ยังไม่เคยถูกคอมเมนท์

คอมเมนท์ทรัพยากรรายการนี้
  คอมเมนท์: ผลการเพิ่มสมรรถนะ..


 Copyright 2026. Bcnsprnw @Library